| 000 | 00348nam a2200133Ia 4500 | ||
|---|---|---|---|
| 008 | 150202s9999 xx 000 0 und d | ||
| 020 | _a140129588 | ||
| 050 |
_aFIC _bFIC |
||
| 100 | _aJames, P.D. | ||
| 245 |
_aCover her face / _cP.D. James |
||
| 260 |
_aNew York : _bPenguin Books , _c1962. |
||
| 300 |
_a206 pages : _c18 cm. |
||
| 650 | _aFiction. | ||
| 999 |
_c282115 _d282115 |
||